The economic aspects of the history of the civilization of Japan; Vol.1

Salvato in:
Dettagli Bibliografici
Autore principale: Takekoshi, Yosoburo
Natura: Libro
Lingua:Undetermined
Pubblicazione: New York The Macmillan Company 1967
Soggetti:
Tags: Aggiungi Tag
Nessun Tag, puoi essere il primo ad aggiungerne! !
Thư viện lưu trữ: Trung tâm Học liệu Trường Đại học Cần Thơ
LEADER 00542nam a2200193Ia 4500
001 CTU_86351
008 210402s9999 xx 000 0 und d
082 |a 952 
082 |b T136/Vol.1 
100 |a Takekoshi, Yosoburo 
245 4 |a The economic aspects of the history of the civilization of Japan; Vol.1 
245 0 |c Yosoburo Takekoshi 
260 |a New York 
260 |b The Macmillan Company 
260 |c 1967 
650 |a Japan 
650 |x History 
904 |i Năm 
980 |a Trung tâm Học liệu Trường Đại học Cần Thơ